=LDR 00000nam 2200000 4500 =001 INLIS000000000051191 =005 20170830013316 =035 ##$$a 0010-0817000374 =007 ta =008 170830###########################0###### =020 ##$$a 978-602-6559-23-4 =082 ##$$a R.330.03 =084 ##$$a R.330.03 KAM =245 ##$$a Kamus Lengkap Istilah Ekonomi =250 ##$$a cet.1 =260 ##$$a Yogyakarta :$b Indoliterasi,$c 2017 =300 ##$$a iii, 482 hlm ; $c 20,5 cm =650 ##$$a Ekonomi-Kamus =990 ##$$a 1003510035 =990 ##$$a 1003510035 =990 ##$$a 1003510035 =990 ##$$a 1003510035 =990 ##$$a 1003510035 =990 ##$$a 21703006 =990 ##$$a 01201710035 =990 ##$$a 01201710036 =990 ##$$a 01201710037 =990 ##$$a 01201710038 =990 ##$$a 21703007 =990 ##$$a 01201710035 =990 ##$$a 01201710036 =990 ##$$a 01201710037 =990 ##$$a 21703006 =990 ##$$a 21703008 =990 ##$$a 01201710035 =990 ##$$a 01201710036 =990 ##$$a 21703007 =990 ##$$a 21703006 =990 ##$$a 21703009 =990 ##$$a 01201710035 =990 ##$$a 21703008 =990 ##$$a 21703007 =990 ##$$a 21703006 =990 ##$$a 21703010 =990 ##$$a 21703009 =990 ##$$a 21703008 =990 ##$$a 21703007 =990 ##$$a 21703006